01011ntm a22002417a 450000500170000000800410001704000280005808200170008610000190010324501050012224600860022726000100031330000350032350001820035859000100054065000390055065300230058965500090061270000220062194200080064399900170065195201010066820170810102127.0170802s2011 xx a frb 000 0 eng d aEG-ScBUEbengcEG-ScBUE04222a624bHOS1 aHossam, Ahmed.10aAdvanced techniques instrengthening and repair of RC elements using FRP plastics /cby Ahmed Hossam.3 aAdvanced techniques in strengthening and repair of RC elements using FRP plastics c2011. a63 p. :bill. (col.) ;c28 cm. aA dissertation submitted to the faculty of engineering, the British university in Egypt, in partial fulfillment of the requirements for the Bachelor degree in civil engineering. aMirna 7aCivil EngineeringvProjects2BUEsh bENGCIVcAugust2017 vSPRO1 aHelmy, Amr,eths. 2ddc c25176d25148 00102ddc4070aMAINbMAINc2NDd2017-08-07l0o624 HOSp000046330r2025-07-15 00:00:00yPROJST